Ceramics : (Record no. 10837)

MARC details
000 -CABECERA
campo de control de longitud fija 01216nam a22002657a 4500
001 - NÚMERO DE CONTROL
campo de control BRCA_9218
003 - IDENTIFICADOR DEL NÚMERO DE CONTROL
campo de control FranzMayer
005 - FECHA Y HORA DE LA ÚLTIMA TRANSACCIÓN
campo de control 20220809140051.0
008 - DATOS DE LONGITUD FIJA--INFORMACIÓN GENERAL
campo de control de longitud fija 220725b |||||||| |||| 00| 0 eng d
022 ## - NÚMERO INTERNACIONAL NORMALIZADO PARA PUBLICACIONES SERIADAS
Número Internacional Normalizado para Publicaciones Seriadas 10351841
040 ## - FUENTE DE LA CATALOGACIÓN
Lengua de catalogación spa
Centro/agencia transcriptor MFM
041 ## - CÓDIGO DE LENGUA
Código de lengua del texto/banda sonora o título independiente eng
050 ## - SIGNATURA TOPOGRÁFICA DE LA BIBLIOTECA DEL CONGRESO
Número de clasificación NK3700
Número de documento/Ítem C47 2004
245 00 - MENCIÓN DE TÍTULO
Título Ceramics :
Resto del título Art and Perception
260 ## - PUBLICACIÓN, DISTRIBUCIÓN, ETC.
Lugar de publicación, distribución, etc. Australia :
Nombre del editor, distribuidor, etc. Janet Mansfield,
Fecha de publicación, distribución, etc. 2004
300 ## - DESCRIPCIÓN FÍSICA
Extensión 118 p. :
Otras características físicas il., fot. col. ;
Dimensiones 18.5 x 26 cm.
310 ## - PERIODICIDAD ACTUAL
Periodicidad actual Trimestral
362 ## - FECHAS DE PUBLICACIÓN Y/O DESIGNACIÓN SECUENCIAL
Fecha de publicación y/o designación secuencial 1990-2021
440 ## - MENCIÓN DE SERIE/PUNTO DE ACCESO ADICIONAL--TÍTULO
Título Ceramics : Art and Perception
Designación de volumen o secuencia 55
Número Internacional Normalizado para Publicaciones Seriadas 10351841
9 (RLIN) 28497
500 ## - NOTA GENERAL
Nota general Ubicación: L59-N5
520 ## - SUMARIO, ETC.
Sumario, etc. Ceramics: Art and Perception establece el estándar como una revista dedicada al arte de la cerámica. Los artículos seleccionados y las reseñas solicitadas están escritos sobre una amplia gama de artistas internacionales y temas relevantes para la cerámica. Se tiene un punto de vista internacional y multicultural. Con temas que van desde lo funcional a lo efímero, lo tradicional a lo filosófico, lo provocativo y contemporáneo a lo histórico y lo crítico.
650 ## - PUNTO DE ACCESO ADICIONAL DE MATERIA--TÉRMINO DE MATERIA
Término de materia o nombre geográfico como elemento de entrada Cerámica
Subdivisión de forma Revistas
Subdivisión general Arte
-- Decoración y ornamentación
9 (RLIN) 28498
942 ## - ELEMENTOS DE PUNTO DE ACCESO ADICIONAL (KOHA)
Fuente del sistema de clasificación o colocación Library of Congress Classification
Tipo de ítem Koha Hemerográfico
Holdings
Estado de retiro Estado de pérdida Fuente del sistema de clasificación o colocación Estado dañado No para préstamo Localización permanente Ubicación/localización actual Fecha de adquisición Total de préstamos Signatura topográfica completa Código de barras Fecha visto por última vez Precio válido a partir de Tipo de ítem Koha
El ejemplar forma parte de la colección y puede ser consultado según las políticas vigentes.   Library of Congress Classification     Biblioteca del Museo Franz Mayer (Rogerio Casas-Alatriste) Biblioteca del Museo Franz Mayer (Rogerio Casas-Alatriste) 25/07/2022   NK3700 C47 2004 CONT10003 25/07/2022 25/07/2022 Hemerográfico